Top 15 most popular sports in Canada - Statistics

General Stats
  • This quiz has been taken 58 times
  • The average score is 8 of 15
Answer Stats
Rank Answer % Correct
1. Ice Hockey
100%
3. Football
93%
9. Basketball
91%
6. Soccer
91%
4. Baseball
87%
7. Tennis
71%
2. Lacrosse
69%
8. Rugby
55%
11. Golf
51%
5. Cricket
47%
10. Curling
45%
12. Boxing
31%
13. Cycling
18%
14. Disc
0%
15. Rugby Union
0%
No matching quizzes found
Score Distribution
Percent of People with Each Score
Percentile by Number Answered
Your Score History
You have not taken this quiz